[Event "FRA T II 20102011"]
[Site "FRA"]
[Date "2010.11.14"]
[Round "3.8"]
[White "Andelle, Sandrine"]
[Black "Chaumont, Adeline"]
[Result "0-1"]
[WhiteElo "1758"]
[BlackElo "2019"]
[PlyCount "148"]
[EventDate "2010.11.13"]
[EventType "team-match"]
[EventRounds "9"]
[EventCountry "FRA"]
[Source "FFE"]
[SourceDate "2010.10.29"]

1. e4 c6 2. d4 d5 3. exd5 cxd5 4. Nc3 Nf6 5. Nf3 e6 6. Be2 Nbd7 7. Bg5 Be7 8.
O-O O-O 9. Re1 Ne4 10. Bxe7 Qxe7 11. Nxe4 dxe4 12. Nd2 f5 13. Bc4 Nb6 14. Bb3
Qd6 15. Nc4 Nxc4 16. Bxc4 Rd8 17. c3 Kh8 18. Re2 a6 19. a4 Qc6 20. Bb3 Qd6 21.
Ra3 b6 22. Rd2 Bb7 23. Ba2 f4 24. Qg4 e5 25. Be6 Bc8 26. Bf5 Bxf5 27. Qxf5 e3
28. fxe3 fxe3 29. Rd3 exd4 30. Rxd4 Qe7 31. Ra1 Rxd4 32. cxd4 Rf8 33. Qd3 e2
34. Re1 Re8 35. Kf2 Qf6+ 36. Kg1 Rf8 37. Qxe2 Qxd4+ 38. Kh1 Qxa4 39. Qe7 Qf4
40. Qe2 a5 41. Kg1 Qd4+ 42. Kh1 h6 43. Rd1 Qc5 44. h3 b5 45. Rd2 b4 46. Rc2 Qd4
47. Rd2 Qf4 48. Rd1 a4 49. Qe7 b3 50. Rd8 Rxd8 51. Qxd8+ Kh7 52. Qd3+ Kg8 53.
Qd5+ Kf8 54. Qd8+ Kf7 55. Qd5+ Ke7 56. Qc5+ Kf7 57. Qd5+ Kg6 58. Qd3+ Kg5 59.
Qd5+ Kh4 60. g3+ Kxg3 61. Qg2+ Kh4 62. Qf2+ Kg5 63. Qg2+ Kf6 64. Qc6+ Kf7 65.
Qd7+ Kg8 66. Qd8+ Qf8 67. Qd5+ Kh8 68. Qb5 Qf3+ 69. Kh2 Qf4+ 70. Kh1 Qc1+ 71.
Kh2 Qxb2+ 72. Kg3 Qc3+ 73. Kg2 Qc2+ 74. Kg3 b2 0-1

[Event "FRA T II 20102011"]
[Site "FRA"]
[Date "2010.11.14"]
[Round "3.5"]
[White "Treguer, Pierig"]
[Black "Ballester, Alexandre"]
[Result "0-1"]
[WhiteElo "1987"]
[BlackElo "2154"]
[PlyCount "146"]
[EventDate "2010.11.13"]
[EventType "team-match"]
[EventRounds "9"]
[EventCountry "FRA"]
[Source "FFE"]
[SourceDate "2010.10.29"]

1. e4 c5 2. Nf3 d6 3. c3 Nf6 4. d3 Nc6 5. Nbd2 e6 6. Be2 Be7 7. O-O O-O 8. a4
d5 9. Qc2 b6 10. Rd1 Ba6 11. Nf1 Qc7 12. Ng3 Rfd8 13. e5 Nd7 14. d4 Bxe2 15.
Qxe2 cxd4 16. cxd4 Nb4 17. Bg5 Bxg5 18. Nxg5 Rac8 19. Qh5 Nf8 20. Ra3 h6 21.
Nh3 Qc2 22. Qf3 Ng6 23. Qb3 Qc4 24. Nf1 Nc2 25. Ne3 Qe2 26. Qd3 Qxd3 27. Raxd3
Nxe3 28. fxe3 Rc2 29. R1d2 Rdc8 30. Kf2 R8c4 31. b3 Rxd2+ 32. Rxd2 Rc3 33. Rb2
Ne7 34. Nf4 Nf5 35. Ne2 Rd3 36. Nc1 Rc3 37. Ne2 Rc7 38. g4 Nh4 39. Nf4 g5 40.
Ng2 Nxg2 41. Kxg2 Rc3 42. Kf2 a6 43. Ke2 b5 44. axb5 axb5 45. b4 Rc1 46. Kf3
Kg7 47. Ke2 Kg6 48. Kf3 Rg1 49. Rb3 h5 50. gxh5+ Kxh5 51. Kf2 Rc1 52. Kg3 Rc4
53. Kh3 Rc2 54. Kg3 Kg6 55. h3 Kf5 56. Kf3 Rc8 57. Rb2 Rc3 58. Rb1 f6 59. exf6
Kxf6 60. Rb2 Kf5 61. Rb1 e5 62. dxe5 Kxe5 63. Rg1 Kf5 64. Rg4 Rc4 65. Rd4 Ke5
66. Rg4 Rxg4 67. hxg4 d4 68. e4 d3 69. Ke3 d2 70. Kxd2 Kxe4 71. Kc3 Ke3 72. Kc2
Kd4 73. Kb3 Kd3 0-1

[Event "FRA T II 20102011"]
[Site "FRA"]
[Date "2010.11.13"]
[Round "2.8"]
[White "Kohi, Camilla"]
[Black "Gillot, Jean Yves"]
[Result "0-1"]
[WhiteElo "1789"]
[BlackElo "1907"]
[PlyCount "146"]
[EventDate "2010.11.13"]
[EventType "team-match"]
[EventRounds "9"]
[EventCountry "FRA"]
[Source "FFE"]
[SourceDate "2010.10.29"]

1. d4 d5 2. c4 e6 3. Nf3 Be7 4. Nc3 Nf6 5. Bg5 O-O 6. e3 h6 7. Bh4 Ne4 8. Bxe7
Qxe7 9. a3 Nd7 10. Qc2 Nxc3 11. Qxc3 dxc4 12. Bxc4 c5 13. O-O b6 14. d5 exd5
15. Bxd5 Rb8 16. Qd3 Nf6 17. Ba2 Rd8 18. Qe2 Bf5 19. Rfd1 Rxd1+ 20. Rxd1 Rd8
21. Rxd8+ Qxd8 22. Ne5 Be6 23. Bxe6 fxe6 24. h3 Qd5 25. Ng6 Qd6 26. Qc4 Kf7 27.
Nf4 Nd5 28. Qd3 Qe5 29. Qg6+ Ke7 30. Nxd5+ exd5 31. Qc6 Qd6 32. Qb7+ Qd7 33.
Qb8 Ke6 34. f4 Kf7 35. Qe5 Qe6 36. Qc7+ Qe7 37. Qxe7+ Kxe7 38. Kf2 Ke6 39. Kf3
b5 40. e4 d4 41. Ke2 c4 42. Kd2 a5 43. Kc2 b4 44. axb4 axb4 45. Kc1 g5 46. f5+
Kf6 47. Kd1 b3 48. Kd2 h5 49. g3 g4 50. hxg4 hxg4 51. Kc1 c3 52. bxc3 dxc3 53.
Kb1 b2 54. Ka2 Ke5 55. Kb1 Kxe4 56. f6 Kd3 57. f7 Kd2 58. f8=Q c2+ 59. Kxb2
c1=Q+ 60. Ka2 Qc4+ 61. Kb2 Qc3+ 62. Kb1 Qxg3 63. Qb4+ Ke2 64. Qe4+ Kf1 65. Qc4+
Kg1 66. Qd4+ Kg2 67. Qd2+ Qf2 68. Qd5+ Kg1 69. Kc1 Qf1+ 70. Kd2 Qg2+ 71. Qxg2+
Kxg2 72. Ke2 g3 73. Ke1 Kh2 0-1

[Event "FRA T II 20102011"]
[Site "FRA"]
[Date "2010.11.13"]
[Round "2.1"]
[White "Drauart, Jean Claude"]
[Black "Lupu, Mircea Sergiu"]
[Result "0-1"]
[WhiteElo "2187"]
[BlackElo "2438"]
[PlyCount "144"]
[EventDate "2010.11.13"]
[EventType "team-match"]
[EventRounds "9"]
[EventCountry "FRA"]
[Source "FFE"]
[SourceDate "2010.10.29"]

1. c4 g6 2. Nc3 Bg7 3. g3 e6 4. e4 c5 5. Bg2 Nc6 6. Nge2 Nge7 7. O-O O-O 8. Rb1
d6 9. a3 b6 10. d3 Bb7 11. b4 Qd7 12. b5 Na5 13. Bd2 Rab8 14. Na4 Ba8 15. Qe1
Nb7 16. Nac3 Rbe8 17. Qc1 Rc8 18. Nf4 Nd8 19. Qc2 h6 20. Bh3 Qc7 21. a4 Kh7 22.
Rbc1 Nb7 23. Bxe6 fxe6 24. Nxe6 Qd7 25. Nxf8+ Rxf8 26. Nd5 Nd8 27. f4 Ng8 28.
Bc3 Bxc3 29. Nxc3 Ne6 30. Qg2 Nd4 31. Ne2 Qg7 32. Qf2 Ne6 33. Qe3 Nf6 34. h3
Nd7 35. Ra1 Nd4 36. Nxd4 cxd4 37. Qd2 Nc5 38. Ra3 Bb7 39. Kh2 Qd7 40. Qg2 Bc8
41. Rf3 Qf7 42. a5 g5 43. f5 Qf6 44. axb6 axb6 45. g4 Bb7 46. Qg3 Rf7 47. Rf1
Nd7 48. Ra2 Ne5 49. Re1 Qh8 50. Kg1 Qc8 51. Ra4 Qc5 52. Re2 Kg7 53. Kg2 Kf8 54.
Re1 h5 55. gxh5 Rh7 56. Rg1 Rxh5 57. Kf2 Nf7 58. Ra7 Bc8 59. Qg4 Rh8 60. Rxf7+
Kxf7 61. Qxg5 Qe5 62. Qg6+ Ke7 63. Qg7+ Kd8 64. Qxe5 dxe5 65. Rg3 Bd7 66. Kg2
Kc7 67. Rg7 Ra8 68. h4 Ra2+ 69. Kh3 Rd2 70. Rg3 Be8 71. Kg4 Kd6 72. h5 Bxh5+
0-1

[Event "FRA T II 20102011"]
[Site "FRA"]
[Date "2010.11.13"]
[Round "2.6"]
[White "Szwedkowski, Sylvain"]
[Black "Denous, Cyprien"]
[Result "1-0"]
[WhiteElo "1936"]
[BlackElo "1998"]
[PlyCount "141"]
[EventDate "2010.11.13"]
[EventType "team-match"]
[EventRounds "9"]
[EventCountry "FRA"]
[Source "FFE"]
[SourceDate "2010.10.29"]

1. d4 d5 2. c4 Nc6 3. Nf3 Bg4 4. e3 e6 5. Nc3 Nf6 6. Bd3 Bb4 7. a3 Be7 8. cxd5
exd5 9. h3 Bh5 10. Qb3 O-O 11. Qxb7 Na5 12. Qb5 c6 13. Qa4 Qb6 14. b4 Nb7 15.
Ne5 Rfc8 16. Bd2 Nd6 17. Qc2 Bg6 18. Nxg6 hxg6 19. Na4 Qc7 20. Rc1 Nfe4 21. Nc5
Nxc5 22. bxc5 Ne8 23. O-O Nf6 24. Rb1 Rcb8 25. Rxb8+ Rxb8 26. Rb1 Qc8 27. Ba5
Kh7 28. Rxb8 Qxb8 29. Qb1 Qc8 30. Be1 Bd8 31. f3 Bc7 32. Qb2 Qe6 33. Qe2 Nh5
34. f4 Nf6 35. g4 Kg8 36. Qf2 Qe8 37. Qf3 Qb8 38. f5 g5 39. h4 Qb2 40. hxg5
Qh2+ 41. Kf1 Nh7 42. Qg2 Qxg2+ 43. Kxg2 Nxg5 44. Ba6 Ne4 45. Bb7 Nf6 46. Kh3 g5
47. Bxc6 Kf8 48. Bg3 Bxg3 49. Kxg3 Ke7 50. Kf3 Kd8 51. e4 dxe4+ 52. Bxe4 Kc7
53. d5 Nd7 54. d6+ Kc8 55. c6 Ne5+ 56. Kg3 Nc4 57. d7+ Kc7 58. Bd5 Ne5 59. f6
a6 60. a4 a5 61. Kg2 Nxg4 62. Bxf7 Nxf6 63. Kf3 g4+ 64. Kg3 Ne4+ 65. Kxg4 Nc5
66. Kf5 Na6 67. Bc4 Nb4 68. Bb5 Kd8 69. Ke6 Nc2 70. c7+ Kxc7 71. Ke7 1-0

[Event "FRA T II 20102011"]
[Site "FRA"]
[Date "2010.11.13"]
[Round "2.4"]
[White "Mouhamad, Joachin"]
[Black "Brionne, Thierry"]
[Result "1/2-1/2"]
[WhiteElo "2087"]
[BlackElo "2129"]
[PlyCount "142"]
[EventDate "2010.11.13"]
[EventType "team-match"]
[EventRounds "9"]
[EventCountry "FRA"]
[Source "FFE"]
[SourceDate "2010.10.29"]

1. e4 g6 2. d4 Bg7 3. Nc3 d6 4. Be3 Nc6 5. Be2 e5 6. Nf3 exd4 7. Nxd4 Bd7 8. g4
Nge7 9. Qd2 Nxd4 10. Bxd4 Bxd4 11. Qxd4 O-O 12. Qf6 Be6 13. h4 Nc6 14. Qf4 Ne5
15. O-O-O Qe7 16. Qg3 f6 17. Kb1 Bf7 18. Qe3 Be6 19. Rhg1 g5 20. f4 gxf4 21.
Qxf4 Ng6 22. Qg3 Kh8 23. Bd3 Ne5 24. Nd5 Qg7 25. Nf4 Bf7 26. Be2 Rg8 27. Qc3
Rac8 28. Rc1 Qh6 29. Qe1 Qf8 30. Qf2 Qe7 31. b3 Rcf8 32. Qd4 Rg7 33. Rg3 Nc6
34. Qc3 Qe5 35. Qxe5 Nxe5 36. g5 Rfg8 37. Rcg1 fxg5 38. hxg5 Re8 39. Bh5 Ng6
40. Nd5 Bxd5 41. exd5 Re5 42. Bxg6 Rxg6 43. c4 Kg8 44. R1g2 Rf5 45. Kc2 Kf7 46.
Kd3 Rg7 47. Rh3 Kg8 48. Rhg3 Re5 49. Kc3 Rge7 50. Kd3 Kg7 51. Rh2 Rf5 52. Rgh3
Kg8 53. g6 h5 54. Rxh5 Rxh5 55. Rxh5 Kg7 56. Rh7+ Kf6 57. Rh8 a5 58. Rh7 Rg7
59. Ke4 Kxg6 60. Rxg7+ Kxg7 61. Kf5 Kf7 62. a3 b6 63. Kg5 Kg7 64. Kf5 Kf7 65.
a4 Ke7 66. Kg6 Ke8 67. Kf6 Kd7 68. Kf7 Kd8 69. Ke6 Ke8 70. Kf6 Kd8 71. Ke6 Ke8
1/2-1/2

[Event "FRA T II 20102011"]
[Site "FRA"]
[Date "2010.11.14"]
[Round "3.3"]
[White "Medghoul, Sherif"]
[Black "Iordanov, Nikolay"]
[Result "1/2-1/2"]
[WhiteElo "2226"]
[BlackElo "2219"]
[PlyCount "136"]
[EventDate "2010.11.13"]
[EventType "team-match"]
[EventRounds "9"]
[EventCountry "FRA"]
[Source "FFE"]
[SourceDate "2010.10.29"]

1. d4 d5 2. c4 e6 3. Nc3 Nf6 4. cxd5 exd5 5. Bg5 Be7 6. Qc2 O-O 7. e3 Be6 8.
Bd3 Nbd7 9. Nge2 h6 10. Bh4 c5 11. O-O Nh5 12. Bxe7 Qxe7 13. Bh7+ Kh8 14. Bf5
Rac8 15. g4 cxd4 16. exd4 Nhf6 17. Nf4 Qd6 18. Bxe6 Qxf4 19. Qf5 Qxf5 20. Bxf5
Rc4 21. Rfd1 Nb6 22. f3 a6 23. Bc2 Rc7 24. Bb3 Nc4 25. Bxc4 dxc4 26. a4 Rd8 27.
Rd2 Rcd7 28. Rad1 Nd5 29. Nxd5 Rxd5 30. Kf2 Ra5 31. Re1 Rd7 32. Re8+ Kh7 33.
Ke3 Kg6 34. h4 Kf6 35. Re5 Rxa4 36. f4 g6 37. g5+ hxg5 38. hxg5+ Kg7 39. Re8 f6
40. Rh2 Kf7 41. Re4 Kg7 42. Re6 fxg5 43. fxg5 Ra5 44. Re5 Rad5 45. Rxd5 Rxd5
46. Ke4 Rxg5 47. d5 Kf6 48. Kd4 b6 49. Re2 Rg4+ 50. Kc3 b5 51. Re6+ Kf5 52.
Rxa6 Ke5 53. d6 Rd4 54. Rb6 Rxd6 55. Rxb5+ Rd5 56. Rb6 g5 57. Kxc4 Rd1 58. Rg6
Kf4 59. b4 g4 60. b5 Rc1+ 61. Kd5 g3 62. b6 Rb1 63. Kc6 Kf3 64. b7 g2 65. Kc7
Kf2 66. b8=Q Rxb8 67. Kxb8 g1=Q 68. Rxg1 Kxg1 1/2-1/2

[Event "FRA T II 20102011"]
[Site "FRA"]
[Date "2010.11.13"]
[Round "2.8"]
[White "Wandelle, Sandrine"]
[Black "San Marco, Jean"]
[Result "0-1"]
[WhiteElo "1758"]
[BlackElo "2029"]
[PlyCount "132"]
[EventDate "2010.11.13"]
[EventType "team-match"]
[EventRounds "9"]
[EventCountry "FRA"]
[Source "FFE"]
[SourceDate "2010.10.29"]

1. e4 c5 2. Nc3 Nc6 3. g3 g6 4. Bg2 Bg7 5. d3 e6 6. Be3 Nd4 7. Nge2 d6 8. O-O
Ne7 9. Nc1 O-O 10. Qd2 Bd7 11. Nd1 e5 12. c3 Ndc6 13. Bh6 f5 14. Bxg7 Kxg7 15.
Ne2 Be6 16. f4 d5 17. fxe5 dxe4 18. Nf4 Bg8 19. Qe3 exd3 20. Qxc5 b6 21. Qe3
Qc7 22. Nf2 d2 23. Qxd2 Rad8 24. Qe2 Qxe5 25. Qxe5+ Nxe5 26. Rad1 g5 27. N4d3
N7g6 28. Rfe1 Kf6 29. Nxe5 Nxe5 30. a3 Bb3 31. Rd4 Rfe8 32. Kh1 Nc4 33. Rb1
Rxd4 34. cxd4 Re2 35. Bf1 Rxf2 36. Bxc4 Bxc4 37. Kg1 Rd2 38. Rc1 Bd5 39. Rc7
Rxd4 40. Rxh7 a5 41. Rh6+ Ke5 42. Rxb6 Rd2 43. Rb5 a4 44. h4 Rg2+ 45. Kf1 Rxg3
46. hxg5 Rxg5 47. Kf2 f4 48. Rb4 Bb3 49. Rb5+ Kf6 50. Rb4 Kf5 51. Rb5+ Kg4 52.
Rb4 Rc5 53. Rb7 Rc2+ 54. Ke1 Rxb2 55. Rg7+ Kf3 56. Rh7 Ra2 57. Rh3+ Kg4 58. Rd3
Rxa3 59. Kd2 Ra2+ 60. Kc1 f3 61. Rd4+ Kg3 62. Rd3 Kg2 63. Rxf3 Kxf3 64. Kb1 Ke3
65. Kc1 Kd3 66. Kb1 a3 0-1

[Event "FRA T II 20102011"]
[Site "FRA"]
[Date "2010.10.17"]
[Round "1.1"]
[White "Toma, Michal"]
[Black "Desbonnes, Samy"]
[Result "1/2-1/2"]
[WhiteElo "2217"]
[BlackElo "2316"]
[PlyCount "127"]
[EventDate "2010.11.13"]
[EventType "team-match"]
[EventRounds "9"]
[EventCountry "FRA"]
[Source "FFE"]
[SourceDate "2010.10.29"]

1. e4 c5 2. Nc3 Nc6 3. g3 g6 4. Bg2 Bg7 5. d3 d6 6. f4 e6 7. Nf3 Nge7 8. O-O
O-O 9. Be3 b6 10. d4 d5 11. exd5 Nf5 12. Bf2 Ncxd4 13. Ne5 exd5 14. Nxd5 Be6
15. c4 Rc8 16. Qa4 a5 17. Rad1 b5 18. Qa3 bxc4 19. Ne3 Nxe3 20. Qxe3 Qb6 21.
Rd2 Rfe8 22. Qc3 Red8 23. Kh1 Bd5 24. Bg1 Bxg2+ 25. Rxg2 Qb4 26. Nxc4 Qxc3 27.
bxc3 Ne6 28. Rc2 Rd3 29. Rfc1 Ra8 30. Kg2 a4 31. Kf2 a3 32. Ke2 Rd7 33. Nb6
Rad8 34. Nxd7 Rxd7 35. Rb1 h5 36. Rd2 Re7 37. Kd3 h4 38. Rb8+ Bf8 39. Kc4 Ra7
40. Rd5 Kg7 41. Be3 h3 42. Bc1 Ra4+ 43. Kb3 Re4 44. Re5 c4+ 45. Kc2 Rxe5 46.
fxe5 Bc5 47. Kd1 Bg1 48. Ke2 Bxh2 49. Kf2 Nc5 50. Bxa3 Nd3+ 51. Kf1 Bxg3 52.
Bf8+ Kh7 53. Rb7 Kg8 54. Bd6 Ne1 55. Rb8+ Kg7 56. Kg1 h2+ 57. Kh1 Nd3 58. Rb1
Nf2+ 59. Kg2 h1=Q+ 60. Rxh1 Nxh1 61. Kxh1 Be1 62. Bb4 Bg3 63. Bd6 Be1 64. Bb4
1/2-1/2

[Event "FRA T II 20102011"]
[Site "FRA"]
[Date "2010.11.14"]
[Round "3.4"]
[White "Bouverot, Olivier"]
[Black "Stambul, Adam"]
[Result "1/2-1/2"]
[WhiteElo "2139"]
[BlackElo "2167"]
[PlyCount "117"]
[EventDate "2010.11.13"]
[EventType "team-match"]
[EventRounds "9"]
[EventCountry "FRA"]
[Source "FFE"]
[SourceDate "2010.10.29"]

1. d4 f5 2. Nc3 Nf6 3. Bg5 e6 4. e4 fxe4 5. Nxe4 Be7 6. Bxf6 Bxf6 7. Qh5+ g6 8.
Nxf6+ Qxf6 9. Qe5 O-O 10. Nf3 Nc6 11. Qxf6 Rxf6 12. c3 d6 13. Bc4 Bd7 14. O-O
Kg7 15. Rfe1 Re8 16. Rad1 Rf7 17. b4 Rfe7 18. b5 Nd8 19. Re3 Nf7 20. h4 h6 21.
Rde1 Kf6 22. a4 c6 23. bxc6 Bxc6 24. a5 Bxf3 25. Rxf3+ Kg7 26. Rb1 d5 27. Ba2
Nd6 28. Rb4 Rc7 29. Bb1 Rec8 30. Rg3 Nf5 31. Bxf5 exf5 32. Re3 Kf6 33. Re5 Rd8
34. f4 Rdd7 35. Rb3 g5 36. g4 fxg4 37. hxg5+ hxg5 38. fxg5+ Kg6 39. Kg2 Rc8 40.
Kg3 Kh5 41. g6+ Kxg6 42. Kxg4 Kf6 43. Kf4 Rc6 44. Rb5 Rxc3 45. Rbxd5 Rxd5 46.
Rxd5 Ke6 47. Rb5 Ra3 48. Ke4 Ra1 49. Rxb7 Rxa5 50. Rh7 Ra1 51. Rh6+ Kd7 52. Ke5
a5 53. Rh7+ Kc8 54. Kd6 a4 55. d5 a3 56. Ra7 a2 57. Ra3 Kb7 58. Rb3+ Ka6 59.
Ra3+ 1/2-1/2

[Event "FRA T II 20102011"]
[Site "FRA"]
[Date "2010.11.13"]
[Round "2.7"]
[White "Hervais, Adrien"]
[Black "Chokbengboun, Thomas"]
[Result "1/2-1/2"]
[WhiteElo "2039"]
[BlackElo "1972"]
[PlyCount "115"]
[EventDate "2010.11.13"]
[EventType "team-match"]
[EventRounds "9"]
[EventCountry "FRA"]
[Source "FFE"]
[SourceDate "2010.10.29"]

1. d4 Nf6 2. c4 g6 3. Nc3 Bg7 4. g3 O-O 5. Bg2 d6 6. Nf3 c6 7. O-O Qa5 8. e4 e5
9. h3 Nbd7 10. Qc2 exd4 11. Nxd4 Nb6 12. Nce2 Re8 13. b3 Qe5 14. Bf4 Qe7 15.
Nc3 Nh5 16. Be3 Nd7 17. Rad1 Nc5 18. Rfe1 a5 19. Kh2 a4 20. b4 Ne6 21. Nxa4
Nxd4 22. Bxd4 Be6 23. c5 Bxd4 24. Rxd4 dxc5 25. bxc5 Qf6 26. Rb4 Red8 27. Rxb7
Qd4 28. Nc3 Qxc5 29. a4 Rd4 30. Qb2 Rd3 31. Rc1 Qd4 32. Rb4 Qd6 33. e5 Qxe5 34.
Ne2 Qxb2 35. Rxb2 Rxa4 36. Rxc6 Rc4 37. Ra6 Rd1 38. Rb8+ Kg7 39. Rb7 Kf6 40.
Rb2 Re1 41. Bd5 Rc7 42. g4 Ng7 43. Nf4 Ke7 44. Bxe6 fxe6 45. Ra8 Re4 46. Ng2 h5
47. Rg8 Kf6 48. f3 Rd4 49. Rbb8 Rd2 50. Rbf8+ Ke5 51. Kg3 g5 52. f4+ gxf4+ 53.
Nxf4 hxg4 54. hxg4 Ke4 55. Rc8 Rdc2 56. Rxc7 Rxc7 57. Ng6 e5 58. Kh4 1/2-1/2

[Event "FRA T II 20102011"]
[Site "FRA"]
[Date "2010.10.17"]
[Round "1.7"]
[White "Le Clezio, Sylvain"]
[Black "Chokbengboun, Thomas"]
[Result "1-0"]
[WhiteElo "2034"]
[BlackElo "1978"]
[PlyCount "109"]
[EventDate "2010.11.13"]
[EventType "team-match"]
[EventRounds "9"]
[EventCountry "FRA"]
[Source "FFE"]
[SourceDate "2010.10.29"]

1. e4 e5 2. Nc3 Bc5 3. Bc4 Nf6 4. d3 h6 5. Nf3 Nc6 6. Na4 Bb4+ 7. c3 Be7 8. b4
a6 9. Nb2 d6 10. a4 Bg4 11. Qb3 O-O 12. Nh4 Bh5 13. Nf5 Bg6 14. Ne3 Qd7 15. O-O
Nh5 16. Nd5 Kh7 17. f3 Rae8 18. Be3 Bg5 19. Nd1 Ne7 20. Nxe7 Qxe7 21. a5 Bf4
22. Bxf4 Nxf4 23. g3 Qg5 24. Kh1 Nh5 25. Qc2 f5 26. Ra2 fxe4 27. dxe4 Rf6 28.
Qd2 Ref8 29. Qxg5 hxg5 30. Raf2 Kh8 31. Kg1 Be8 32. Ne3 Bc6 33. Bd5 Bxd5 34.
Nxd5 R6f7 35. Kg2 Nf6 36. c4 c6 37. Nxf6 Rxf6 38. Kh3 Kh7 39. Kg4 Kg6 40. Rd1
Re6 41. Rfd2 Rff6 42. Rd3 Kf7 43. c5 dxc5 44. bxc5 Rh6 45. h3 Rh8 46. Rb1 Re7
47. Rdb3 Rb8 48. Rb6 Rc7 49. Rxa6 Kg6 50. Ra7 Kh6 51. Rb6 g6 52. a6 Rf7 53.
Rbxb7 Rbxb7 54. Rxb7 Rf4+ 55. gxf4 1-0

[Event "FRA T II 20102011"]
[Site "FRA"]
[Date "2010.11.14"]
[Round "3.2"]
[White "Gollain, Marc"]
[Black "Metzger, Clement"]
[Result "0-1"]
[WhiteElo "2213"]
[BlackElo "2203"]
[PlyCount "110"]
[EventDate "2010.11.13"]
[EventType "team-match"]
[EventRounds "9"]
[EventCountry "FRA"]
[Source "FFE"]
[SourceDate "2010.10.29"]

1. Nf3 g6 2. c4 Bg7 3. Nc3 d6 4. d4 Nd7 5. e4 e5 6. Be2 Ngf6 7. O-O O-O 8. Be3
c6 9. Qc2 h6 10. dxe5 dxe5 11. Rfd1 Qe7 12. Rab1 Nh5 13. b4 f5 14. c5 Ndf6 15.
Nh4 f4 16. Nxg6 Qe8 17. Bc4+ Kh7 18. Nxf8+ Bxf8 19. Bc1 Ng7 20. f3 h5 21. Bb2
h4 22. Ne2 h3 23. Nxf4 exf4 24. e5+ Bf5 25. Bd3 Qg6 26. exf6 Bxd3 27. Rxd3 Nf5
28. Rd7+ Kh8 29. Re1 Re8 30. Re5 a5 31. a3 axb4 32. axb4 Ra8 33. g4 Ne3 34.
Rh7+ Kxh7 35. Rh5+ Bh6 36. Qxg6+ Kxg6 37. Rxh3 Ra2 38. Be5 Bg5 39. Rh8 Bxf6 40.
Bxf6 Kxf6 41. Rh7 Rg2+ 42. Kh1 Rf2 43. h4 Rxf3 44. Rxb7 Rf1+ 45. Kh2 Nxg4+ 46.
Kg2 Rf2+ 47. Kh3 Ne5 48. b5 cxb5 49. Rxb5 Rf3+ 50. Kg2 Rg3+ 51. Kf2 Rh3 52.
Rb6+ Kf5 53. h5 Rxh5 54. c6 Rh2+ 55. Kf1 Rc2 0-1

[Event "FRA T II 20102011"]
[Site "FRA"]
[Date "2010.11.14"]
[Round "3.2"]
[White "Lupu, Mircea Sergiu"]
[Black "Bossard, Arnaud"]
[Result "1/2-1/2"]
[WhiteElo "2438"]
[BlackElo "2199"]
[PlyCount "108"]
[EventDate "2010.11.13"]
[EventType "team-match"]
[EventRounds "9"]
[EventCountry "FRA"]
[Source "FFE"]
[SourceDate "2010.10.29"]

1. Nf3 Nf6 2. g3 g6 3. Bg2 Bg7 4. d4 O-O 5. O-O d6 6. Re1 d5 7. c4 c6 8. cxd5
cxd5 9. Nc3 Nc6 10. Ne5 Be6 11. Nxc6 bxc6 12. Na4 Nd7 13. b3 f6 14. Ba3 Re8 15.
Rc1 Rc8 16. e4 Bf8 17. e5 fxe5 18. dxe5 Qa5 19. Qd4 Bg7 20. Bb4 Qc7 21. f4 Kh8
22. Rc3 Qb7 23. Rec1 g5 24. Bc5 a6 25. Qd2 gxf4 26. gxf4 Rg8 27. Rg3 Bf5 28.
Be3 e6 29. Kf2 Rcf8 30. Bf3 Bg6 31. Qc3 Nb8 32. Rcg1 Bh6 33. Qd4 Qf7 34. Rg4
Nd7 35. Nc5 Nxc5 36. Qxc5 Bg7 37. Rxg6 hxg6 38. Rg3 Bh6 39. Rh3 Kg7 40. Rxh6
Kxh6 41. f5+ g5 42. f6 Kh7 43. Bg4 Rg6 44. Bd4 Rh6 45. Kg3 Rh4 46. Bd1 Kg8 47.
Bg4 Rxg4+ 48. Kxg4 Qg6 49. Qe7 Qf5+ 50. Kh5 g4+ 51. Kh6 Qf4+ 52. Kg6 Qf5+ 53.
Kh6 Qf4+ 54. Kg6 Qf5+ 1/2-1/2

[Event "FRA T II 20102011"]
[Site "FRA"]
[Date "2010.10.17"]
[Round "1.3"]
[White "Lucas, Jean Christian"]
[Black "Leclercq, Benoit"]
[Result "0-1"]
[WhiteElo "2127"]
[BlackElo "2083"]
[PlyCount "108"]
[EventDate "2010.11.13"]
[EventType "team-match"]
[EventRounds "9"]
[EventCountry "FRA"]
[Source "FFE"]
[SourceDate "2010.10.29"]

1. e4 c5 2. Nf3 Nc6 3. d4 cxd4 4. Nxd4 e5 5. Nb5 a6 6. Nd6+ Bxd6 7. Qxd6 Qe7 8.
Qxe7+ Ngxe7 9. c3 d5 10. exd5 Nxd5 11. Bc4 Be6 12. O-O Nc7 13. Na3 b5 14. Bxe6
Nxe6 15. Nc2 Ke7 16. Be3 Rhd8 17. Rfd1 Rab8 18. Kf1 g5 19. Ke2 f5 20. f3 h5 21.
h3 Nf4+ 22. Bxf4 gxf4 23. Rxd8 Rxd8 24. a4 Rg8 25. Kf1 Rd8 26. axb5 axb5 27.
Ke2 Rg8 28. Ne1 Kd6 29. Ra6 Kd5 30. b3 e4 31. Rb6 Rb8 32. Ra6 b4 33. cxb4 Rxb4
34. Nc2 Nd4+ 35. Nxd4 Kxd4 36. Ra5 Rxb3 37. Rxf5 exf3+ 38. gxf3 Rb2+ 39. Ke1
Ke3 40. Re5+ Kxf3 41. Rxh5 Rb1+ 42. Kd2 Kf2 43. Rf5 f3 44. Rf7 Rb4 45. Rd7 Rh4
46. Rd8 Rxh3 47. Rf8 Rh6 48. Rd8 Re6 49. Rd7 Kf1 50. Rd8 Re4 51. Rd7 Rg4 52.
Rf7 f2 53. Ke3 Rg3+ 54. Kd2 Kg1 0-1

[Event "FRA T II 20102011"]
[Site "FRA"]
[Date "2010.10.17"]
[Round "1.8"]
[White "Bogdanovsky, Sonia"]
[Black "BOYELDIEU D'AUVIGNY , Mathilde"]
[Result "0-1"]
[WhiteElo "1580"]
[BlackElo "1499"]
[PlyCount "106"]
[EventDate "2010.11.13"]
[EventType "team-match"]
[EventRounds "9"]
[EventCountry "FRA"]
[Source "FFE"]
[SourceDate "2010.10.29"]

1. c4 e5 2. Nc3 c5 3. g3 Nc6 4. Nf3 d6 5. Bg2 Nf6 6. O-O Be7 7. d3 Be6 8. Ng5
Bd7 9. a3 O-O 10. Rb1 a5 11. Nge4 Qc7 12. Bg5 Be6 13. Nxf6+ Bxf6 14. Bxf6 gxf6
15. Nb5 Qd7 16. Re1 d5 17. Rc1 dxc4 18. dxc4 Qxd1 19. Rexd1 Nd8 20. Nd6 Ra7 21.
b3 b6 22. Nb5 Rd7 23. Rxd7 Bxd7 24. Nc7 Ne6 25. Nxe6 Bxe6 26. Rd1 f5 27. Rd6
Rb8 28. e3 Kf8 29. Bd5 Ke7 30. Rc6 Kd7 31. Bg2 e4 32. Rxe6 Kxe6 33. h4 Rd8 34.
g4 Rd3 35. gxf5+ Kxf5 36. Bh3+ Ke5 37. Kg2 Rxb3 38. Bd7 Rxa3 39. Kg3 a4 40. Kg4
Kf6 41. Kf4 Ra1 42. Kxe4 a3 43. f4 Rd1 44. Ba4 Rd2 45. Bb3 Rb2 46. Bd1 a2 47.
Kd5 Rd2+ 48. Kc6 Rxd1 49. Kxb6 a1=Q 50. Kxc5 Qa5+ 51. Kc6 Ke7 52. c5 Rd7 53. e4
Qa6# 0-1

[Event "FRA T II 20102011"]
[Site "FRA"]
[Date "2010.10.17"]
[Round "1.8"]
[White "Bounya, Myriam"]
[Black "Chaumont, Adeline"]
[Result "0-1"]
[WhiteElo "1800"]
[BlackElo "2020"]
[PlyCount "102"]
[EventDate "2010.11.13"]
[EventType "team-match"]
[EventRounds "9"]
[EventCountry "FRA"]
[Source "FFE"]
[SourceDate "2010.10.29"]

1. d4 d5 2. c4 c6 3. Nc3 Nf6 4. Nf3 e6 5. e3 Nbd7 6. Bd3 dxc4 7. Bxc4 b5 8. Bb3
Bb7 9. O-O a6 10. Re1 c5 11. d5 exd5 12. Nxd5 c4 13. Nxf6+ Nxf6 14. Bc2 Bc5 15.
Bd2 O-O 16. Bc3 Ne4 17. Bd4 Bb4 18. Re2 Qd5 19. Qf1 Qh5 20. Rd1 Rad8 21. Bb6
Rd6 22. Rxd6 Bxd6 23. h3 Re8 24. Nd2 Nf6 25. e4 Nd7 26. Bd4 Bf4 27. Be3 Bxe3
28. Rxe3 Qe5 29. Qb1 Nc5 30. f3 Qd4 31. Nf1 f5 32. Kh1 fxe4 33. Bxe4 Bxe4 34.
fxe4 Nxe4 35. Qe1 Qe5 36. Kg1 Qc5 37. Kh1 Qc6 38. Nd2 Nf6 39. Rxe8+ Qxe8 40.
Qxe8+ Nxe8 41. Ne4 Kf8 42. Kg1 Ke7 43. Kf2 Nc7 44. Ke2 Kd7 45. Kd2 Kc6 46. Kc3
Kd5 47. Nd2 a5 48. a3 b4+ 49. axb4 Nb5+ 50. Kc2 axb4 51. Nf3 Nd4+ 0-1

[Event "FRA T II 20102011"]
[Site "FRA"]
[Date "2010.10.17"]
[Round "1.7"]
[White "Riazuelo, Gilles"]
[Black "Maubert, Nicolas"]
[Result "1/2-1/2"]
[WhiteElo "2098"]
[BlackElo "2040"]
[PlyCount "94"]
[EventDate "2010.11.13"]
[EventType "team-match"]
[EventRounds "9"]
[EventCountry "FRA"]
[Source "FFE"]
[SourceDate "2010.10.29"]

1. e4 c5 2. Nf3 Nc6 3. d4 cxd4 4. Nxd4 Nf6 5. Nc3 d6 6. Bg5 e6 7. Qd2 a6 8.
O-O-O Bd7 9. f3 Be7 10. h4 h6 11. Be3 h5 12. Bg5 Ne5 13. Kb1 b5 14. Bd3 Qc7 15.
Rhe1 b4 16. Nce2 Qb7 17. Nc1 a5 18. f4 Nxd3 19. Qxd3 O-O 20. e5 dxe5 21. fxe5
Nd5 22. Bxe7 Nxe7 23. Qe2 Nd5 24. Qxh5 Nc3+ 25. bxc3 bxc3+ 26. Ndb3 a4 27. Qf3
Bc6 28. Qxc3 Rfc8 29. Qd4 axb3 30. axb3 Ra4 31. Qb2 Rxh4 32. Rd4 Be4 33. Nd3
Bxd3 34. Rxd3 Qxg2 35. Red1 Rh1 36. Rxh1 Qxh1+ 37. Qc1 Qe4 38. Qe3 Qh1+ 39. Qc1
Qe4 40. Qe3 Qh1+ 41. Qc1 Qh2 42. Re3 Rc5 43. Qd1 Rxe5 44. Qd8+ Kh7 45. Qd3+ Kg8
46. Qd8+ Kh7 47. Qd3+ Kg8 1/2-1/2